000 00690cam a2200265 4500
001 J2326
008 090401t1998 xxu||||| |||| 00| 0 eng d
035 _a(Sirsi) u48392
041 _aeng
050 _a333.33709421
110 _aKnight Frank and Rutley
_91990
245 _aCentral London quarterly 1993 -1998
260 _aLondon
_bKnight Frank and Rutley
_c1993 -1998
300 _a1 vol. ; 30cm.
350 _a0
520 _a1 bound volume, incomplete.
650 _aCITY OF LONDON
650 _aDOCKLANDS
650 _aFLOORSPACE
650 _aOFFICES
650 _aWEST END OF LONDON
690 _aPROPERTY-COMMERCIAL PROPERTY
942 _n0
948 _c04/03/1997
999 _c92327
_d92327